Fr. Conceicao Rodrigues College of Engineering

ARM system Developers Guide:Designing and optimizing system software (Record no. 22834)

MARC details
000 -LEADER
fixed length control field 00372nam a2200157Ia 4500
082 ## - DEWEY DECIMAL CLASSIFICATION NUMBER
Classification number 4.1
Item number SLO
100 ## - MAIN ENTRY--PERSONAL NAME
Personal name Sloss/Andrew N
245 ## - TITLE STATEMENT
Title ARM system Developers Guide:Designing and optimizing system software
260 ## - PUBLICATION, DISTRIBUTION, ETC.
Name of publisher, distributor, etc. Morgan Kaufman
Date of publication, distribution, etc. 2004
366 ## - TRADE AVAILABILITY INFORMATION
Publishers's discount category 25
300 ## - PHYSICAL DESCRIPTION
Extent 689
546 ## - LANGUAGE NOTE
Language note ENGLISH
-- Computers
650 ## - SUBJECT ADDED ENTRY--TOPICAL TERM
Topical term or geographic name entry element Optimizing
942 ## - ADDED ENTRY ELEMENTS (KOHA)
Koha item type BOOK
Holdings
Withdrawn status Lost status Damaged status Not for loan Collection Home library Current library Date acquired Source of acquisition Cost, normal purchase price Inventory number Total Checkouts Full call number Barcode Date last seen Cost, replacement price Price effective from Koha item type
        CRC Fr. Agnel's C.Rodrigues College of Engineering Fr. Agnel's C.Rodrigues College of Engineering 17/03/2023 Allied Publishers 393.75 121 dt 15/04/2013   4.1 SLO 22604 17/03/2023 525.00   BOOK
        CRC Fr. Agnel's C.Rodrigues College of Engineering Fr. Agnel's C.Rodrigues College of Engineering 17/03/2023 Allied Publishers 393.75 121 dt 15/04/2013   4.1 SLO 22605 17/03/2023 525.00   BOOK
        CRC Fr. Agnel's C.Rodrigues College of Engineering Fr. Agnel's C.Rodrigues College of Engineering 17/03/2023 Allied Publishers 393.75 121 dt 15/04/2013   4.1 SLO 22606 17/03/2023 525.00   BOOK